| 000 | 00524 a2200217 4500 | ||
|---|---|---|---|
| 001 | 151238 | ||
| 003 | OSt | ||
| 005 | 20211221110027.0 | ||
| 008 | |||
| 020 | _a9788184870589 | ||
| 082 |
_a514.325 _bK96T |
||
| 100 | 1 | _aKumaresan, S. | |
| 245 | 1 |
_aTopolgy of metric spaces _cby S. Kumaresan |
|
| 250 | _a2nd ed. | ||
| 260 |
_aNew Delhi _bNarosa Publishing _c2015 |
||
| 300 | _a197p. | ||
| 653 | _aMathematics | ||
| 653 | _aMetric Spaces | ||
| 653 | _aTopology | ||
| 942 |
_2ddc _cBK |
||
| 999 |
_c14350 _d14350 |
||